Countries Closest to North Sentinel Island - Statistics

General Stats
  • This quiz has been taken 83 times
  • The average score is 16 of 20
Answer Stats
km Country mi % Correct
713 Indonesia 385
92%
1151 Laos 621
90%
995 Malaysia 537
90%
667 Thailand 360
90%
1383 China 747
89%
1272 Vietnam 687
89%
1000 Bangladesh 540
87%
1116 Cambodia 602
86%
288 Myanmar 155
86%
2639 Pakistan 1425
84%
1231 Sri Lanka 665
84%
1690 Bhutan 912
83%
1700 Nepal 918
79%
1697 Singapore 916
79%
2147 Maldives 1159
76%
2530 Brunei 1366
70%
2649 Australia(Cocos Islands) 1430
62%
2734 Philippines 1476
59%
3207 Taiwan 1732
54%
3024 United Kingdom(Diego Garcia) 1633
49%
No matching quizzes found
Score Distribution
Percent of People with Each Score
Percentile by Number Answered
Your Score History
You have not taken this quiz